| 000 | 00701nam a22002177a 4500 | ||
|---|---|---|---|
| 003 | OSt | ||
| 005 | 20250708065832.0 | ||
| 008 | 250708b |||||||| |||| 00| 0 eng d | ||
| 020 | _a971-510-107-0 | ||
| 040 |
_aDWC-Main Lib _cOC |
||
| 082 | _aFil. 248.4 M337g 1997 | ||
| 100 | _aMaribao , Joel L. | ||
| 245 |
_aGaling pinoy : _b Filipino excellence/ _cJoel L. Maribao |
||
| 260 |
_aManila: _bLogos Publications, _cc1997. |
||
| 300 |
_a140 p. : _billustrations ; _c23 cm. |
||
| 504 | _aIncludes references. | ||
| 650 | _a1. Christian Life - Catholic Authors. | ||
| 650 | _a2. Excellence - Religious Aspects - Christianity. | ||
| 650 | _a3. Values - Philippines. | ||
| 942 |
_2ddc _cBK - FIL _kFil. _n0 |
||
| 999 |
_c3450 _d3450 |
||